000 005190000a22001810004500
003 LK-CoMWRAF
005 20231201010433.0
008 230817t1988 ||||| |||| 00| 0 eng d
040 _aLK-CoMWRAF
_dLK-CoMWRAF
_eLK-CoMWRAF
041 _aeng
082 _a305.42
_bFAM
100 _aFam, Muvman Liberasyon
245 _aThe Women's Liberation Movement in Mauritius
260 _aForest-side:
_bAuthor,
_c1988
300 _a111 p., 16 unnumbered pages of plates : ill. ; 21 cm
650 _aFEMINISM-Maurtius
942 _cBK
999 _c51
_d51